000 00533nam a2200217Ia 4500
003 OSt
005 20220918192808.0
006 a|||||r|||| 00| 0
007 ta
008 220917b |||||||| |||| 00| 0 eng d
024 _a70,333
037 _cTextual
040 _aARTS
_cARTS
_beng
041 _2eng
_aeng
082 _aR36, K2
100 _aRemits Ernest L
_980197
245 0 _aLaw in nature and anxiety superior
260 _c1962
942 _hR36, K2
_cTEXL
_2CC
999 _c196431
_d196431